000 00997nam a2200253Ia 4500
003 OSt
005 20220923213004.0
006 a|||||r|||| 00| 0
007 ta
008 NEP
024 _a157,962
037 _cTextual
040 _aARTS
_cARTS
_bNEP
041 _2NEP
_aNEP
082 _aO1595,1NCH:g, N6
100 _aछेत्री, हर्कबहादुर
245 0 _aभारतीयी नेपाली कविताको परिप्रेक्षमाः चामलिडको कविताःएक अध्ययन
246 _aBhāratīyī nepālī kavitāko pariprekṣhamāah chāmaliḍako kavitāahek adhyayana
260 _aृसिक्किम
_b निर्माण प्रकाशन
_c1996
300 _a128 पृ0
_ccm.
650 _aनेपाली साहित्य
_9156264
942 _hO1595,1NCH:g, N6
_cTEXL
_2CC
999 _c312946
_d312946